[Event "RUS-ch Men Blitz 2019"]
[Site "Sochi"]
[Date "2019.10.17"]
[Round "14.31"]
[White "Gubsky, Egor"]
[Black "Remizov, Yaroslav"]
[Result "0-1"]
[WhiteElo "2339"]
[BlackElo "2394"]
[Annotator "TA"]
[PlyCount "64"]
[EventDate "2019.10.17"]
[EventType "swiss"]
[EventCountry "RUS"]
[SourceTitle "playchess.com"]
[Source "ChessBase"]
[SourceQuality "1"]

1. d4 d5 2. c4 e6 3. Nc3 c6 4. Nf3 dxc4 5. e4 b5 6. Be2 Nf6 7. Qc2 Bb7 8. O-O Be7 9. Bf4 Nbd7 10. Rad1 O-O 11. h3 a6 12. a4 Qb6 13. Be3 c5 14. d5 exd5 15. Nxd5 Nxd5 16. exd5 h6 17. Qf5 Rad8 18. Rd2 Qf6 19. Qg4 Bd6 20. Bd1 Ne5 21. Nxe5 Qxe5 22. g3 Bxd5 23. Bxh6 Be6 24. Qg5 Bxh3 25. Rxd6 Qxg5 26. Bxg5 Rxd6 27. Re1 Re6 28. Be3 Bf5 29. Bf3 Rd8 30. Ra1 b4 31. Rc1 c3 32. bxc3 b3 0-1

[Event "RUS-ch Men Blitz 2019"]
[Site "Sochi"]
[Date "2019.10.17"]
[Round "15.1"]
[White "Popov, Valerij"]
[Black "Ponkratov, Pavel"]
[Result "0-1"]
[WhiteElo "2535"]
[BlackElo "2621"]
[Annotator "RC"]
[PlyCount "64"]
[EventDate "2019.10.17"]
[EventType "swiss"]
[EventCountry "RUS"]
[SourceTitle "playchess.com"]
[Source "ChessBase"]
[SourceQuality "1"]

1. c4 Nf6 2. Nc3 d5 3. cxd5 Nxd5 4. Nf3 g6 5. e4 Nxc3 6. dxc3 Qxd1+ 7. Kxd1 Bg7 8. Bf4 c6 9. Kc2 Nd7 10. Nd2 O-O 11. Be2 a5 12. a4 f5 13. exf5 Nc5 14. g4 gxf5 15. Be3 Nd7 16. h3 f4 17. Bd4 e5 18. Bxe5 Nxe5 19. Rhe1 Be6 20. b3 Bf7 21. Kb2 Rad8 22. Rad1 Nd3+ 23. Bxd3 Rxd3 24. Ne4 Rfd8 25. Rxd3 Rxd3 26. h4 Bd5 27. Kc2 Bxe4 28. Rxe4 Rxc3+ 29. Kd2 Rxb3 30. Re7 h6 31. Ke2 f3+ 32. Kd2 Bd4 0-1

[Event "RUS-ch Men Blitz 2019"]
[Site "Sochi"]
[Date "2019.10.17"]
[Round "15.2"]
[White "Grachev, Boris"]
[Black "Savitskiy, Sergey"]
[Result "1/2-1/2"]
[WhiteElo "2621"]
[BlackElo "2407"]
[Annotator "TA"]
[PlyCount "37"]
[EventDate "2019.10.17"]
[EventType "swiss"]
[EventCountry "RUS"]
[SourceTitle "playchess.com"]
[Source "ChessBase"]
[SourceQuality "1"]

1. Nf3 Nf6 2. c4 g6 3. Nc3 Bg7 4. g3 O-O 5. Bg2 d6 6. d4 Nc6 7. O-O e5 8. d5 Nb8 9. e4 a5 10. h3 Na6 11. Be3 Nh5 12. Ne1 Qe8 13. Kh2 f5 14. Bf3 Nf6 15. Nd3 fxe4 16. Bxe4 b5 17. cxb5 Nxe4 18. Nxe4 Qxb5 19. Nc3 1/2-1/2

[Event "RUS-ch Men Blitz 2019"]
[Site "Sochi"]
[Date "2019.10.17"]
[Round "15.3"]
[White "Golubov, Saveliy"]
[Black "Tsydypov, Zhamsaran"]
[Result "1/2-1/2"]
[WhiteElo "2469"]
[BlackElo "2553"]
[Annotator "ChessBase"]
[PlyCount "130"]
[EventDate "2019.10.17"]
[EventType "swiss"]
[EventCountry "RUS"]
[SourceTitle "playchess.com"]
[Source "ChessBase"]
[SourceQuality "1"]

1. d4 Nf6 2. Nf3 g6 3. Bf4 Bg7 4. e3 O-O 5. Be2 d6 6. h3 Nbd7 7. O-O b6 8. c4 Bb7 9. Nc3 a6 10. Rc1 Ra7 11. Bh2 Qa8 12. b4 e5 13. d5 b5 14. cxb5 a5 15. bxa5 Rxa5 16. e4 Nc5 17. Nd2 Bh6 18. f4 exf4 19. Bxf4 Bg7 20. Nc4 Nfxe4 21. Nxe4 Nxe4 22. Nxa5 Qxa5 23. Bf3 Nc5 24. Qe2 Bc8 25. Bg4 f5 26. Bf3 Bd7 27. Rb1 Qa4 28. Bg3 Re8 29. Qd2 Bxb5 30. Rfe1 Ne4 31. Bxe4 fxe4 32. Rb4 Qa3 33. Rb3 Qa6 34. Bf2 Be5 35. Bg3 Bg7 36. Bf4 Bd7 37. Rbe3 Qa4 38. Kh1 Bb5 39. a3 Bd3 40. Rxd3 exd3 41. Rxe8+ Qxe8 42. Qxd3 h5 43. Qc4 g5 44. Bxg5 Qe1+ 45. Kh2 Qf2 46. Qc1 Be5+ 47. Kh1 Qg3 48. Kg1 Qh2+ 49. Kf2 Qg3+ 50. Kf1 Qd3+ 51. Kg1 Qxd5 52. Kh1 c5 53. a4 c4 54. a5 Qxa5 55. Qxc4+ Kg7 56. Qf1 Qd5 57. Be3 Qe4 58. Bg1 d5 59. Qf2 d4 60. Qd2 Kg6 61. Qa2 Bg7 62. Qa6+ Kh7 63. Qc4 Kg6 64. Qa6+ Kh7 65. Qc4 Kg6 1/2-1/2

[Event "RUS-ch Men Blitz 2019"]
[Site "Sochi"]
[Date "2019.10.17"]
[Round "15.5"]
[White "Savchenko, Boris"]
[Black "Shimanov, Aleksandr"]
[Result "0-1"]
[WhiteElo "2581"]
[BlackElo "2587"]
[Annotator "ChessBase"]
[PlyCount "96"]
[EventDate "2019.10.17"]
[EventType "swiss"]
[EventCountry "RUS"]
[SourceTitle "playchess.com"]
[Source "ChessBase"]
[SourceQuality "1"]

1. e4 c6 2. Nc3 d5 3. Nf3 Bg4 4. h3 Bxf3 5. Qxf3 Nf6 6. e5 Nfd7 7. d4 e6 8. Qg3 c5 9. Nb5 cxd4 10. Nxd4 Nc6 11. Nxc6 bxc6 12. Be2 Qb8 13. f4 Qb6 14. Qb3 Bc5 15. Qxb6 axb6 16. c4 Bd4 17. cxd5 cxd5 18. Bb5 Ke7 19. a4 Rhc8 20. Kd1 Nc5 21. Ra3 Ne4 22. Rf1 Rc7 23. Be3 Bxb2 24. Rb3 d4 25. Rxb2 dxe3 26. Rf3 Nc3+ 27. Ke1 Rd8 28. Rxe3 Nd1 29. Ree2 Nxb2 30. Rxb2 Rd4 31. g3 h6 32. h4 g5 33. hxg5 hxg5 34. fxg5 Re4+ 35. Kf2 Rxe5 36. Be2 Rc6 37. Bf3 Rd6 38. g6 fxg6 39. Rb4 Kf6 40. Be4 Rc5 41. Kf3 Rc3+ 42. Kg4 e5 43. Rb5 Rd4 44. Rxb6+ Ke7 45. Rb7+ Kd8 46. a5 Rxe4+ 47. Kg5 Rxg3+ 48. Kf6 Ra4 0-1

[Event "RUS-ch Men Blitz 2019"]
[Site "Sochi"]
[Date "2019.10.17"]
[Round "15.6"]
[White "Timofeev, Artyom"]
[Black "Lysyj, Igor"]
[Result "1-0"]
[WhiteElo "2595"]
[BlackElo "2596"]
[Annotator "ChessBase"]
[PlyCount "167"]
[EventDate "2019.10.17"]
[EventType "swiss"]
[EventCountry "RUS"]
[SourceTitle "playchess.com"]
[Source "ChessBase"]
[SourceQuality "1"]

1. c4 e6 2. e3 Nf6 3. b3 b6 4. Bb2 Bb7 5. Nf3 Be7 6. Be2 O-O 7. O-O c5 8. d4 cxd4 9. Nxd4 Nc6 10. Bf3 Qc8 11. Ne2 Nb8 12. Bxb7 Qxb7 13. Nbc3 a6 14. Qd4 d6 15. Qh4 Nbd7 16. Qg3 Rfd8 17. Nd4 Nf8 18. h3 Rac8 19. Rad1 Ng6 20. Rc1 Nh5 21. Qg4 Nf6 22. Qe2 Nd7 23. Rfd1 Nf6 24. Qf3 Qxf3 25. Nxf3 Kf8 26. g4 Nd7 27. Kg2 Rb8 28. Ne4 Nc5 29. Nxc5 bxc5 30. Bc3 Bf6 31. Bxf6 gxf6 32. Nd2 Ke7 33. Ne4 Ne5 34. f4 Nc6 35. Rd2 Rd7 36. Rcd1 Rbd8 37. Kf3 h6 38. h4 a5 39. Nc3 Rh8 40. Nb5 Rhd8 41. h5 d5 42. cxd5 Rxd5 43. Rxd5 Rxd5 44. Rxd5 exd5 45. Nc3 Ke6 46. e4 d4 47. Na4 Kd6 48. Nb6 Nb4 49. Nc4+ Ke6 50. a4 Nc6 51. Ke2 Ke7 52. Kd2 Ke6 53. Nb2 Nb4 54. Nc4 Nc6 55. Ke2 Ke7 56. Kf3 Ke6 57. Kg3 Ke7 58. Kh4 d3 59. g5 fxg5+ 60. fxg5 hxg5+ 61. Kxg5 Nd4 62. Nd2 Ne6+ 63. Kf5 Ng7+ 64. Kg4 Kf6 65. Nf3 Ne6 66. e5+ Kg7 67. Nd2 Kh6 68. Kf5 Kxh5 69. Ke4 Kg4 70. Kxd3 Kf5 71. Nc4 Nd4 72. Nxa5 Kxe5 73. Kc4 f5 74. Nb7 f4 75. Nxc5 Nc2 76. Nd3+ Ke4 77. Nxf4 Kxf4 78. a5 Ke5 79. a6 Ne3+ 80. Kc5 Nd5 81. b4 Ke6 82. b5 Kd7 83. a7 Nc7 84. b6 1-0

[Event "RUS-ch Men Blitz 2019"]
[Site "Sochi"]
[Date "2019.10.17"]
[Round "15.7"]
[White "Drygalov, Andrey"]
[Black "Kokarev, Dmitry"]
[Result "1/2-1/2"]
[WhiteElo "2484"]
[BlackElo "2593"]
[Annotator "ChessBase"]
[PlyCount "98"]
[EventDate "2019.10.17"]
[EventType "swiss"]
[EventCountry "RUS"]
[SourceTitle "playchess.com"]
[Source "ChessBase"]
[SourceQuality "1"]

1. e4 c5 2. Nf3 d6 3. Bb5+ Bd7 4. Bxd7+ Qxd7 5. c4 Nf6 6. Nc3 g6 7. d4 cxd4 8. Nxd4 Bg7 9. f3 Qc7 10. b3 Qa5 11. Bd2 O-O 12. Nde2 Rc8 13. O-O Nc6 14. Nd5 Qd8 15. Nxf6+ Bxf6 16. Bc3 Bxc3 17. Nxc3 a6 18. Rc1 Rab8 19. a4 e6 20. Kh1 Qb6 21. Ne2 Ne5 22. Rc3 Rd8 23. Qd4 Qxd4 24. Nxd4 Rbc8 25. Ne2 f5 26. exf5 gxf5 27. Rd1 Kf7 28. Kg1 Ke7 29. Kf2 Ng6 30. Re3 Kf6 31. Red3 Ke7 32. Re3 Kf6 33. Red3 Rc6 34. Nd4 Rc7 35. Ne2 Rcd7 36. f4 h5 37. g3 h4 38. c5 d5 39. b4 e5 40. fxe5+ Nxe5 41. Rd4 hxg3+ 42. hxg3 Nc6 43. Rh4 d4 44. b5 axb5 45. axb5 Ne5 46. Rhxd4 Rxd4 47. Rxd4 Rxd4 48. Nxd4 Nd3+ 49. Ke3 Ke5 1/2-1/2

[Event "RUS-ch Men Blitz 2019"]
[Site "Sochi"]
[Date "2019.10.17"]
[Round "15.8"]
[White "Goltsev, Dmitry"]
[Black "Morozevich, Alexander"]
[Result "0-1"]
[WhiteElo "2309"]
[BlackElo "2659"]
[Annotator "TA"]
[PlyCount "94"]
[EventDate "2019.10.17"]
[EventType "swiss"]
[EventCountry "RUS"]
[SourceTitle "playchess.com"]
[Source "ChessBase"]
[SourceQuality "1"]

1. e4 e6 2. d4 d5 3. exd5 exd5 4. Bd3 Nc6 5. c3 Bd6 6. Nf3 Bg4 7. h3 Bh5 8. O-O Nge7 9. Re1 Qd7 10. b4 f6 11. Qe2 Bg6 12. a4 Bxd3 13. Qxd3 O-O 14. Na3 a6 15. Nc2 Qf5 16. Qxf5 Nxf5 17. Bd2 Rfe8 18. Rxe8+ Rxe8 19. Re1 Kf7 20. Kf1 Ra8 21. Rb1 g5 22. g4 Nfe7 23. Nce1 Nc8 24. a5 N8a7 25. Nd3 Nb5 26. Nfe1 h5 27. Nc2 Rh8 28. gxh5 Rxh5 29. Kg2 Ne7 30. Ne3 f5 31. Rf1 f4 32. Ng4 Ng6 33. f3 Nh4+ 34. Kh2 Rh8 35. Nge5+ Bxe5 36. Nxe5+ Kf6 37. Rg1 Nd6 38. Rf1 Nc4 39. Ng4+ Kf5 40. Be1 Ng6 41. Bf2 Nd2 42. Rd1 Nxf3+ 43. Kg2 Nfh4+ 44. Kh2 Re8 45. Nh6+ Kf6 46. Ng4+ Kg7 47. Rd2 Nf3+ 0-1

[Event "RUS-ch Men Blitz 2019"]
[Site "Sochi"]
[Date "2019.10.17"]
[Round "15.9"]
[White "Nozdrachev, Vladislav"]
[Black "Yudin, Sergei"]
[Result "0-1"]
[WhiteElo "2494"]
[BlackElo "2497"]
[Annotator "ChessBase"]
[PlyCount "76"]
[EventDate "2019.10.17"]
[EventType "swiss"]
[EventCountry "RUS"]
[SourceTitle "playchess.com"]
[Source "ChessBase"]
[SourceQuality "1"]

1. e4 d6 2. d4 Nf6 3. Nc3 e5 4. Nf3 Nbd7 5. g3 c6 6. a4 b6 7. b4 d5 8. dxe5 Bxb4 9. Bd2 Bxc3 10. Bxc3 Nxe4 11. Bb4 Bb7 12. c4 c5 13. Ba3 O-O 14. cxd5 Nc3 15. Qb3 Nxd5 16. Bg2 Rc8 17. O-O Re8 18. Rfe1 c4 19. Qc2 c3 20. Rad1 h6 21. Bd6 a5 22. Nh4 Nb4 23. Bxb4 Bxg2 24. Bxc3 Ba8 25. Qd2 Nc5 26. Qf4 Qc7 27. Ba1 Ne6 28. Qe3 Ng5 29. f3 Qc6 30. Rf1 Qxa4 31. Rd4 Qa2 32. Rd2 Rc2 33. Rxc2 Qxc2 34. Qxb6 Qe2 35. Qb1 Bxf3 36. Nxf3 Nxf3+ 37. Rxf3 Qxf3 38. Qc1 Rd8 0-1

[Event "RUS-ch Men Blitz 2019"]
[Site "Sochi"]
[Date "2019.10.17"]
[Round "15.10"]
[White "Yuffa, Daniil"]
[Black "Bocharov, Dmitry"]
[Result "0-1"]
[WhiteElo "2577"]
[BlackElo "2519"]
[Annotator "ChessBase"]
[PlyCount "72"]
[EventDate "2019.10.17"]
[EventType "swiss"]
[EventCountry "RUS"]
[SourceTitle "playchess.com"]
[Source "ChessBase"]
[SourceQuality "1"]

1. d4 Nf6 2. c4 e6 3. g3 d5 4. Bg2 Bb4+ 5. Bd2 Be7 6. Nf3 O-O 7. O-O Nbd7 8. Nc3 Nb6 9. c5 Nc4 10. Bc1 b6 11. b3 Na5 12. Bd2 Nc6 13. Rc1 bxc5 14. dxc5 Rb8 15. Re1 a5 16. Bf4 Ba6 17. e4 d4 18. Na4 Bb5 19. Nb2 Ng4 20. e5 d3 21. h3 Nh6 22. Bxh6 gxh6 23. Nd2 Nd4 24. Qg4+ Kh8 25. Rcd1 Rg8 26. Qh5 Ne2+ 27. Kh2 Qd4 28. Nxd3 Bxd3 29. Rxe2 Bxe2 30. Qxe2 Rbd8 31. Qf3 Bg5 32. Qxf7 Rgf8 33. Qxe6 Rxf2 34. Nf3 Qxd1 35. Nxg5 Rxg2+ 36. Kxg2 Rd2# 0-1

[Event "RUS-ch Men Blitz 2019"]
[Site "Sochi"]
[Date "2019.10.17"]
[Round "15.11"]
[White "Nesterov, Arseniy"]
[Black "Pridorozhni, Aleksei"]
[Result "1/2-1/2"]
[WhiteElo "2484"]
[BlackElo "2599"]
[Annotator "ChessBase"]
[PlyCount "59"]
[EventDate "2019.10.17"]
[EventType "swiss"]
[EventCountry "RUS"]
[SourceTitle "playchess.com"]
[Source "ChessBase"]
[SourceQuality "1"]

1. Nf3 g6 2. d4 Bg7 3. c4 d6 4. g3 Nf6 5. Bg2 O-O 6. O-O c6 7. Nc3 Qa5 8. h3 Qa6 9. b3 b5 10. cxb5 cxb5 11. a4 b4 12. Na2 Qb6 13. a5 Qxa5 14. Bd2 Bb7 15. Nxb4 Qb5 16. Nd3 Ne4 17. Be3 Nc6 18. Ra4 Nc3 19. Qc2 Nxa4 20. bxa4 Qa6 21. d5 Na5 22. Qc7 Rac8 23. Qxe7 Rfe8 24. Qd7 Bxd5 25. Ng5 Bb3 26. Ne4 Rcd8 27. Qxa7 Qxa7 28. Bxa7 Nc4 29. Rc1 Rc8 30. Be3 1/2-1/2

[Event "RUS-ch Men Blitz 2019"]
[Site "Sochi"]
[Date "2019.10.17"]
[Round "15.12"]
[White "Kardashevskiy, Evgeny"]
[Black "Sakaev, Konstantin"]
[Result "0-1"]
[WhiteElo "2428"]
[BlackElo "2595"]
[Annotator "ChessBase"]
[PlyCount "116"]
[EventDate "2019.10.17"]
[EventType "swiss"]
[EventCountry "RUS"]
[SourceTitle "playchess.com"]
[Source "ChessBase"]
[SourceQuality "1"]

1. d4 Nf6 2. Nf3 e6 3. c4 d5 4. Nc3 c6 5. e3 Nbd7 6. Qc2 Bd6 7. b3 O-O 8. Bb2 e5 9. cxd5 cxd5 10. dxe5 Nxe5 11. Nxe5 Bxe5 12. Bd3 Bg4 13. h3 Bh5 14. O-O Rc8 15. Rac1 Bb8 16. Qd2 Qd6 17. g3 Qe6 18. Kh2 Bf3 19. Be2 Ng4+ 20. Kg1 Ne5 21. Kh2 Qh6 22. Rh1 Bxh1 23. Rxh1 Rfd8 24. Rd1 d4 25. exd4 Qxd2 26. Rxd2 Nc6 27. d5 Ne7 28. Bg4 f5 29. Bf3 Bd6 30. Nb5 Bb4 31. Rd4 Bc5 32. Rd2 a6 33. Nc3 Bd6 34. Kg2 Kf7 35. Re2 Bb4 36. Na4 b5 37. Nb6 Rb8 38. Re6 Ba5 39. Bd4 Nxd5 40. Bxd5 Rxd5 41. Nxd5 Kxe6 42. Nf4+ Kf7 43. h4 Rd8 44. Be3 g6 45. h5 Rd1 46. hxg6+ hxg6 47. a3 Ra1 48. Bc5 Bc3 49. Nd5 Bb2 50. Nc7 Bxa3 51. Nxa6 Bxc5 52. Nxc5 Rc1 53. Nb7 Ke7 54. Kh3 g5 55. Kg2 Kd7 56. b4 Kc7 57. Nc5 Rxc5 58. bxc5 b4 0-1

[Event "RUS-ch Men Blitz 2019"]
[Site "Sochi"]
[Date "2019.10.17"]
[Round "15.13"]
[White "Sysolyatin, Evgeny"]
[Black "Triapishko, Alexandr"]
[Result "1-0"]
[WhiteElo "2271"]
[BlackElo "2514"]
[Annotator "ChessBase"]
[PlyCount "95"]
[EventDate "2019.10.17"]
[EventType "swiss"]
[EventCountry "RUS"]
[SourceTitle "playchess.com"]
[Source "ChessBase"]
[SourceQuality "1"]

1. e4 e5 2. Nf3 Nc6 3. d4 exd4 4. Nxd4 Bc5 5. Nxc6 Qf6 6. Qd2 bxc6 7. Bd3 Ne7 8. O-O O-O 9. Nc3 d6 10. Na4 Bb6 11. Qe2 Ng6 12. Nxb6 axb6 13. f4 c5 14. a3 Bb7 15. Qf2 Rfe8 16. Re1 Qd4 17. Qxd4 cxd4 18. Bd2 Nf8 19. c3 dxc3 20. Bxc3 Ne6 21. Bb5 c6 22. Bf1 Nxf4 23. Rad1 Rad8 24. e5 d5 25. b4 Ne6 26. a4 d4 27. Bd2 Ra8 28. a5 bxa5 29. bxa5 Ba6 30. Rb1 Bxf1 31. Kxf1 c5 32. Rec1 Ra6 33. Rb7 h5 34. Ke2 Rea8 35. Kd3 Rxa5 36. Bxa5 Rxa5 37. Rf1 Ra3+ 38. Kc4 Rc3+ 39. Kd5 d3 40. Rbxf7 Nd4 41. e6 Nxe6 42. Kxe6 d2 43. Rf8+ Kh7 44. Rd1 Rd3 45. Rc8 Rc3 46. Rxd2 Kg6 47. Kd5 Rc1 48. Rxc5 1-0

[Event "RUS-ch Men Blitz 2019"]
[Site "Sochi"]
[Date "2019.10.17"]
[Round "15.14"]
[White "Khegay, Dmitriy"]
[Black "Faizrakhmanov, Ramil"]
[Result "1-0"]
[WhiteElo "2509"]
[BlackElo "2434"]
[Annotator "ChessBase"]
[PlyCount "55"]
[EventDate "2019.10.17"]
[EventType "swiss"]
[EventCountry "RUS"]
[SourceTitle "playchess.com"]
[Source "ChessBase"]
[SourceQuality "1"]

1. Nc3 d5 2. d4 Nf6 3. Bf4 a6 4. e3 e6 5. g4 c5 6. g5 Nfd7 7. Nf3 Nc6 8. h4 Nb6 9. h5 cxd4 10. exd4 Bd6 11. Qd2 Qc7 12. Bxd6 Qxd6 13. O-O-O Bd7 14. Qe3 O-O-O 15. Ne5 Nxe5 16. dxe5 Qc7 17. Rh4 h6 18. Rb4 Na8 19. Qa7 Qb8 20. Rxb7 Qxa7 21. Rxa7 Kb8 22. Rxa6 Nc7 23. Rb6+ Ka7 24. Rb3 hxg5 25. Be2 Bc6 26. Rd4 f6 27. Rdb4 Na6 28. Bxa6 1-0

[Event "RUS-ch Men Blitz 2019"]
[Site "Sochi"]
[Date "2019.10.17"]
[Round "15.15"]
[White "Belozerov, Andrei"]
[Black "Mikhailovsky, Vladimir"]
[Result "0-1"]
[WhiteElo "2515"]
[BlackElo "2209"]
[Annotator "ChessBase"]
[PlyCount "132"]
[EventDate "2019.10.17"]
[EventType "swiss"]
[EventCountry "RUS"]
[SourceTitle "playchess.com"]
[Source "ChessBase"]
[SourceQuality "1"]

1. e4 Nc6 2. Nf3 d6 3. d4 g6 4. d5 Ne5 5. Nxe5 dxe5 6. Bb5+ Bd7 7. Bxd7+ Qxd7 8. c4 Bg7 9. Nc3 Nf6 10. O-O O-O 11. f3 h6 12. Be3 Rfd8 13. Qb3 b6 14. Rfd1 e6 15. Rd2 exd5 16. cxd5 Ne8 17. Qb5 f5 18. Qxd7 Rxd7 19. Rc1 Nd6 20. b3 h5 21. Rdc2 Rf8 22. a4 a6 23. Re2 Kf7 24. Rce1 Re7 25. Bc1 Ke8 26. Bb2 Kd7 27. Na2 fxe4 28. fxe4 a5 29. Nc3 Ref7 30. Ba3 Bh6 31. h3 Bf4 32. Nb5 Nxb5 33. axb5 Rg8 34. Rf2 Ke8 35. Rf3 h4 36. Ref1 g5 37. Bb2 Rfg7 38. R1f2 Rg6 39. Rc2 g4 40. hxg4 Rxg4 41. Kf1 Kd8 42. Rfc3 R8g7 43. d6 cxd6 44. Rc8+ Ke7 45. R2c7+ Kf6 46. Rf8+ Kg6 47. Rxg7+ Kxg7 48. Rd8 Rg3 49. Rd7+ Kf8 50. Ba3 Rxb3 51. Bxd6+ Ke8 52. Rb7 Rxb5 53. Ke2 Rb3 54. Bc7 Re3+ 55. Kf2 Rxe4 56. Bxb6 Rb4 57. Rb8+ Kd7 58. Rd8+ Ke7 59. Rb8 Ke6 60. Re8+ Kf7 61. Rb8 a4 62. Kf3 a3 63. Kg4 Be3+ 64. Kf5 Rxb6 65. Ra8 Rb3 66. Ra7+ Bxa7 0-1

[Event "RUS-ch Men Blitz 2019"]
[Site "Sochi"]
[Date "2019.10.17"]
[Round "15.16"]
[White "Gogolev, Artem"]
[Black "Lugovskoy, Maxim"]
[Result "1-0"]
[WhiteElo "2339"]
[BlackElo "2436"]
[Annotator "NA"]
[PlyCount "59"]
[EventDate "2019.10.17"]
[EventType "swiss"]
[EventCountry "RUS"]
[SourceTitle "playchess.com"]
[Source "ChessBase"]
[SourceQuality "1"]

1. d4 d5 2. c4 e6 3. g3 Nf6 4. Bg2 dxc4 5. Qa4+ Bd7 6. Qxc4 Bc6 7. Nf3 Bd5 8. Qc2 Nc6 9. e3 e5 10. O-O exd4 11. Nxd4 Nxd4 12. exd4 Bxg2 13. Kxg2 Be7 14. Nc3 c6 15. Re1 O-O 16. Qb3 Qd7 17. Bf4 Rfe8 18. Rad1 Bf8 19. Rxe8 Rxe8 20. d5 cxd5 21. Nxd5 Qc6 22. Qf3 Ne4 23. Nc3 f5 24. Nxe4 fxe4 25. Qb3+ Kh8 26. Be3 h6 27. Qf7 Be7 28. Rc1 Qb5 29. Rc7 Qe5 30. Qxe8+ 1-0

[Event "RUS-ch Men Blitz 2019"]
[Site "Sochi"]
[Date "2019.10.17"]
[Round "15.17"]
[White "Vastrukhin, Oleg"]
[Black "Yatzenko, Anton"]
[Result "0-1"]
[WhiteElo "2428"]
[BlackElo "2383"]
[Annotator "NA"]
[PlyCount "82"]
[EventDate "2019.10.17"]
[EventType "swiss"]
[EventCountry "RUS"]
[SourceTitle "playchess.com"]
[Source "ChessBase"]
[SourceQuality "1"]

1. e4 e5 2. Nf3 Nc6 3. Bc4 Bc5 4. c3 Nf6 5. d3 d6 6. Nbd2 a6 7. Bb3 Ba7 8. h3 h6 9. Nf1 O-O 10. g4 Be6 11. Ng3 d5 12. Qe2 dxe4 13. dxe4 Nd7 14. g5 Nc5 15. Bc2 b5 16. gxh6 Bc4 17. Qd2 Qf6 18. hxg7 Rfd8 19. Qh6 Qxh6 20. Bxh6 Nd3+ 21. Bxd3 Bxd3 22. Rg1 Rd6 23. Rd1 Rad8 24. Nf5 Rg6 25. Rxg6 fxg6 26. Nxe5 Nxe5 27. Ne7+ Kf7 28. Rxd3 Nxd3+ 29. Ke2 Kxe7 30. Bg5+ Kf7 31. Bxd8 Nxf2 32. Bxc7 Kxg7 33. Kf3 Nxh3 34. b3 Ng5+ 35. Kg4 Ne6 36. Be5+ Kf7 37. c4 bxc4 38. bxc4 Nc5 39. Bd4 Bb6 40. e5 Ke6 41. Bxc5 Bxc5 0-1

[Event "RUS-ch Men Blitz 2019"]
[Site "Sochi"]
[Date "2019.10.17"]
[Round "15.18"]
[White "Glek, Igor"]
[Black "Gurvich, Vitaly"]
[Result "0-1"]
[WhiteElo "2467"]
[BlackElo "2278"]
[Annotator "ChessBase"]
[PlyCount "72"]
[EventDate "2019.10.17"]
[EventType "swiss"]
[EventCountry "RUS"]
[SourceTitle "playchess.com"]
[Source "ChessBase"]
[SourceQuality "1"]

1. e4 c6 2. c4 d5 3. cxd5 cxd5 4. exd5 Nf6 5. Nc3 Nxd5 6. Nf3 Nc6 7. Bb5 a6 8. Bxc6+ bxc6 9. O-O g6 10. d4 Bg7 11. Re1 O-O 12. Ne5 Qc7 13. Bd2 Nxc3 14. Bxc3 Be6 15. Bb4 Bd5 16. b3 Rfe8 17. Rc1 Qb7 18. Bc5 a5 19. h4 h5 20. g4 hxg4 21. Qxg4 Qc8 22. Qf4 Qh3 23. Qh2 Qf5 24. Qg3 a4 25. bxa4 Rxa4 26. a3 Raa8 27. Rb1 Bf6 28. Ng4 Kg7 29. Ne3 Qh5 30. Nxd5 cxd5 31. Rb7 Bxh4 32. Qe5+ Qxe5 33. Rxe5 e6 34. Re3 Bf6 35. Reb3 g5 36. Rc7 Reb8 0-1

[Event "RUS-ch Men Blitz 2019"]
[Site "Sochi"]
[Date "2019.10.17"]
[Round "15.19"]
[White "Papin, Vasily"]
[Black "Volovich, Vasily"]
[Result "1-0"]
[WhiteElo "2481"]
[BlackElo "2120"]
[Annotator "ChessBase"]
[PlyCount "109"]
[EventDate "2019.10.17"]
[EventType "swiss"]
[EventCountry "RUS"]
[SourceTitle "playchess.com"]
[Source "ChessBase"]
[SourceQuality "1"]

1. c4 e6 2. g3 Nf6 3. Bg2 d5 4. Nf3 a6 5. b3 Be7 6. O-O O-O 7. Bb2 dxc4 8. bxc4 c5 9. Nc3 Nc6 10. Rb1 Rb8 11. Ba1 Qa5 12. a4 Nb4 13. e3 Rd8 14. Qe2 Bd7 15. Ne5 Bxa4 16. Nxa4 Qxa4 17. f4 b5 18. Bc3 bxc4 19. Ra1 Qb5 20. Bxb4 cxb4 21. Nc6 Bf8 22. Nxd8 Rxd8 23. Rfc1 b3 24. Rab1 a5 25. Qxc4 Qxc4 26. Rxc4 Rxd2 27. Rxb3 h5 28. Rc8 Ng4 29. h3 Rd1+ 30. Bf1 Nf6 31. Kf2 g6 32. Ke2 Ra1 33. Rbb8 Nd7 34. Rb7 Nf6 35. Rcc7 Ra2+ 36. Kf3 Nd5 37. Rxf7 Ra3 38. Bc4 Rxe3+ 39. Kf2 Bc5 40. Bxd5 exd5 41. Kg2 Re2+ 42. Kf1 Re8 43. Rg7+ Kh8 44. Rxg6 a4 45. Ra6 a3 46. Rb5 Rc8 47. Rb7 d4 48. Ke2 Re8+ 49. Kd3 h4 50. g4 Kg8 51. f5 Re3+ 52. Kd2 Re8 53. g5 Bf8 54. f6 Re6 55. Rxe6 1-0

[Event "RUS-ch Men Blitz 2019"]
[Site "Sochi"]
[Date "2019.10.17"]
[Round "15.20"]
[White "Pogromsky, Mikhail"]
[Black "Samusenko, Maksim"]
[Result "1-0"]
[WhiteElo "2411"]
[BlackElo "2445"]
[Annotator "NA"]
[PlyCount "75"]
[EventDate "2019.10.17"]
[EventType "swiss"]
[EventCountry "RUS"]
[SourceTitle "playchess.com"]
[Source "ChessBase"]
[SourceQuality "1"]

1. Nf3 Nf6 2. c4 g6 3. Nc3 Bg7 4. d4 O-O 5. h3 d6 6. Bg5 c6 7. e3 Nbd7 8. Be2 a6 9. O-O b5 10. a3 bxc4 11. Bxc4 a5 12. b4 Bb7 13. Qb3 axb4 14. axb4 h6 15. Bf4 Qb6 16. Rxa8 Bxa8 17. Ra1 Bb7 18. Be2 Nh5 19. Bh2 Kh7 20. Nd2 Nhf6 21. Nc4 Qc7 22. Na5 Ba8 23. Rc1 Qa7 24. Na4 Nb6 25. Nxb6 Qxb6 26. Bf3 c5 27. Bxa8 Rxa8 28. dxc5 dxc5 29. Qxf7 cxb4 30. Nb3 Qd8 31. Be5 Qd5 32. Qxd5 Nxd5 33. Bxg7 Kxg7 34. Rc5 e6 35. Nd4 Kf6 36. Rb5 Ra6 37. Nc2 Ra1+ 38. Nxa1 1-0

[Event "RUS-ch Men Blitz 2019"]
[Site "Sochi"]
[Date "2019.10.17"]
[Round "15.21"]
[White "Gutenev, Alexander"]
[Black "Zakaryan, David"]
[Result "0-1"]
[WhiteElo "2469"]
[BlackElo "2338"]
[Annotator "ChessBase"]
[PlyCount "112"]
[EventDate "2019.10.17"]
[EventType "swiss"]
[EventCountry "RUS"]
[SourceTitle "playchess.com"]
[Source "ChessBase"]
[SourceQuality "1"]

1. e4 c5 2. Nc3 Nc6 3. Bb5 Nd4 4. Nf3 g6 5. Bc4 Bg7 6. Nxd4 cxd4 7. Qf3 e6 8. Nb5 d6 9. Qa3 Ke7 10. c3 a6 11. Nxd4 Bd7 12. O-O b5 13. Be2 Bxd4 14. cxd4 Qb6 15. d3 Qxd4 16. Be3 Qa4 17. Qc3 f6 18. Rfc1 h5 19. a3 Rc8 20. Qd2 b4 21. axb4 Rxc1+ 22. Rxc1 g5 23. d4 Nh6 24. e5 Nf7 25. exf6+ Kxf6 26. h4 gxh4 27. Bd3 Rg8 28. Qe2 Bc6 29. Qxh5 Rxg2+ 30. Kf1 Rh2 31. Bg5+ Nxg5 32. Qh6+ Kf7 33. Bg6+ Ke7 34. Qxg5+ Kd7 35. Be4 Qb5+ 36. Qxb5 Bxb5+ 37. Kg1 Rh3 38. Rc3 Rxc3 39. bxc3 d5 40. Bg6 Be2 41. f4 Kc6 42. Be8+ Kb6 43. Kg2 Bg4 44. Bd7 Bf5 45. Be8 a5 46. bxa5+ Kxa5 47. Bd7 Kb6 48. Be8 Kc7 49. Bb5 Kd6 50. Ba4 Ke7 51. Bb5 Kf6 52. Bc6 Bg4 53. Kf2 Kf5 54. Ke3 h3 55. Kf2 Kxf4 56. Bb5 Bf3 0-1

[Event "RUS-ch Men Blitz 2019"]
[Site "Sochi"]
[Date "2019.10.17"]
[Round "15.22"]
[White "Sadovsky, Artem"]
[Black "Dashko, Andrey"]
[Result "1-0"]
[WhiteElo "2411"]
[BlackElo "2219"]
[Annotator "NA"]
[PlyCount "55"]
[EventDate "2019.10.17"]
[EventType "swiss"]
[EventCountry "RUS"]
[SourceTitle "playchess.com"]
[Source "ChessBase"]
[SourceQuality "1"]

1. c4 e5 2. g3 Nf6 3. Bg2 d5 4. cxd5 Nxd5 5. Nc3 Be6 6. Nf3 Nc6 7. O-O Be7 8. d4 exd4 9. Nxd4 Nxd4 10. Qxd4 Bf6 11. Qa4+ Bd7 12. Qe4+ Ne7 13. Nd5 c6 14. Nxf6+ gxf6 15. Rd1 Qa5 16. Bf4 Be6 17. b4 Qf5 18. Qxf5 Bxf5 19. b5 Bd7 20. a4 Rc8 21. a5 Nd5 22. a6 Nxf4 23. axb7 Rb8 24. bxc6 Nxg2 25. Rxd7 Nh4 26. gxh4 Rg8+ 27. Kf1 Rg4 28. c7 1-0